000 00303nam a22001337a 4500
008 190129b xxu||||| |||| 00| 0 eng d
020 _a2900133015651
041 _aeng
080 _a572
100 _a24
101 _aANT
245 _aAnthropology. A Global Perspective
_cScupin, R
942 _2udc
_cBK
999 _c53883
_d53883